| 000 | 00514cam a22001337a 4500 | ||
|---|---|---|---|
| 008 | 180718b1959 xxu||||| |||| 00| 0 eng d | ||
| 082 | _aF5x73 K414 | ||
| 100 | _aKent, Frank R. | ||
| 245 |
_aGreat game of politics: an effort to present the elementary human facts about politics, politicians, and political machines, candidates and their ways _cby Frank R. Kent |
||
| 260 |
_aBuffalo _bKeynes & Marshall _c1959 |
||
| 300 | _a322p | ||
| 650 | _aUnited States --Politics and government | ||
| 650 | _aPolitics, Practical | ||
| 999 |
_c426351 _d426351 |
||